00764nam a2200169 a 450000100100000000500170001000800410002704000250006808200150009310000480010824500570015626000390021330000200025250001180027295201870039099900170057700003356020210517141723.0110831s1882 dr 000 0 spa d aDO-SdBNPbspacBNPHU axxxbP438i1 aPérez, José Joaquínd1845-190092544213aLa industria agrícola /cJosé Joaquín Pérez. aSanto Domingo :bEl pueblo,c1882. a15 p. ;c21 cm. aLeida en la conferencia literaria celebrada por la Sociedad Amigos del País en la noche del 18 de mayo de 1882. 001050718RVaPDbPDcCTd2011-08-31iLF1l0oxxx P438ip33560-10r2020-06-25w2020-06-25y1zPerteneció a la biblioteca personal de Federico Henríquez y CarvajalZNo se presta c33051d33051